Basic Derivatives - Mix and Match - Statistics

General Stats
  • This quiz has been taken 93 times
  • The average score is 12 of 15
Answer Stats
Hint Answer % Correct
f(x) = 2 f'(x) = 0
88%
f(x) = cos(x) f'(x) = -sin(x)
88%
f(x) = x^2 f'(x) = 2x
87%
f(x) = sin(x) f'(x) = cos(x)
85%
f(x) = e^x f(x) = e^x
83%
f(x) = g(x) / h(x) f(x) = (g'(x) * h'(x) - g(x) * h'(x)) / h(x)^2
83%
f(x) = x f'(x) = 1
82%
f(x) = csc(x) f'(x) = -csc(x)cot(x)
82%
f(x) = g(h(x)) f'(x) = g'(h(x)) * h'(x)
82%
f(x) = g(x) * h(x) f(x) = g'(x) * h(x) + g(x) * h'(x)
80%
f(x) = ln(x) f'(x) = 1/x
77%
f(x) = 2^x f'(x) = ln(2)2^x
73%
f(x) = cot(x) f'(x) = -csc²(x)
67%
f(x) = tan(x) f'(x) = sec²(x)
67%
f(x) = sec(x) f'(x) = sec(x)tan(x)
67%
No matching quizzes found
Score Distribution
Percent of People with Each Score
Percentile by Number Answered
Your Score History
You have not taken this quiz